[Event "MCR senioru 2020 nad 50 let"]
[Site "Rychnov n. K."]
[Date "2020.08.08"]
[Round "1"]
[White "Bartos, Jan"]
[Black "Zidu, Jan"]
[Result "1-0"]
[WhiteElo "2131"]
[BlackElo "1828"]
[EventDate "2020.08.08"]

1. d4  Nf6  2. Nf3  d5
3. c4  e6  4. Nc3
c6  5. e3  Nbd7
6. Bd3  Bd6  7. e4  dxe4
8. Nxe4  Nxe4  9. Bxe4
Nf6  10. Bc2  Qa5+
11. Bd2  Bb4  12. O-O
Bxd2  13. Nxd2  O-O
14. a3  e5  15. b4
Qc7  16. dxe5  Qxe5
17. Re1  Qc7  18. Ne4
Nxe4  19. Bxe4  Be6
20. Qc2  h6  21. Rad1
Rad8  22. Bh7+  Kh8
23. Bf5  Rxd1  24. Rxd1
Qc8  25. Bxe6  Qxe6
26. Qd3  Re8  27. h3 Re7 28. c5
Kg8  29. Qg3  Qc8
30. Rd6  Re6  31. Rxe6
fxe6  32. Qd6  b6
33. cxb6  axb6  34. a4
Kf7  35. a5  bxa5
36. bxa5  c5  37. a6
c4  38. a7 c3 1-0

[Event "MCR senioru 2020 nad 50 let"]
[Site "Rychnov n. K."]
[Date "2020.08.08"]
[Round "1"]
[White "Vorackova, Jarmila"]
[Black "Mazanek, Kamil"]
[Result "0-1"]
[WhiteElo "1816"]
[BlackElo "2052"]
[EventDate "2020.08.08"]

1. d4  d5  2. c4  c6
3. Nc3  Nf6  4. Nf3
dxc4  5. e3  b5
6. a4  Qb6  7. axb5  cxb5
8. b3  e6  9. bxc4
b4  10. c5  Qb7
11. Na4  Bd7  12. Nb2  Be7
13. Be2  Bc6  14. O-O
O-O  15. Nc4 Bd5 16. Na5  Qc7
17. Bd2  Nc6  18. Nxc6
Bxc6  19. Bxb4  a5
20. Ba3  Ne4  21. Qc2
Rfd8  22. Ne5  Bd5
23. f3  Nf6  24. Rfb1
a4  25. Bb5  Bb3
26. Qf2  Nd5  27. Bc4
f6  28. Bxb3 fxe5  29. Bxd5
Rxd5  30. Rb6  exd4
31. exd4  Bf6  32. Bb2
a3  33. Bc3  Ra4
34. Rxe6  Raxd4  35. Qe2
Qxc5  36. Qe3  Rd1+
37. Rxd1  Qxe3+  38. Rxe3
Rxd1+  39. Kf2  Bxc3
0-1

[Event "MCR senioru 2020 nad 50 let"]
[Site "Rychnov n. K."]
[Date "2020.08.08"]
[Round "1"]
[White "Pan, Vladimir"]
[Black "Zatko, Michal"]
[Result "1-0"]
[WhiteElo "2026"]
[BlackElo "1794"]
[EventDate "2020.08.08"]

1. e4  e6  2. d4  d5
3. Nd2  c5  4. exd5
exd5  5. Bb5+  Bd7
6. Bxd7+  Nxd7  7. dxc5
Bxc5  8. Nb3  Ngf6
9. Nxc5  Qa5+  10. c3
Qxc5  11. Qe2+  Qe7
12. Qxe7+ Kxe7 13. Nf3  Rhe8
14. O-O  Kf8  15. h3  b6
16. Be3  Ne5  17. Nxe5
Rxe5  18. Rfd1  Rd8
19. a4  Ke7  20. a5
Re6  21. axb6  axb6
22. Ra7+  Rd7  23. Ra6
Rb7  24. Kf1  Ne8
25. Ra4  Rd7  26. Rb4
Rdd6  27. Rbd4  Nc7
28. Bf4  Rd7  29. Bxc7
Rxc7  30. Rxd5  g6
31. Re1  Ra7  32. Rxe6+
Kxe6  33. Rb5  Ra6
34. Ke2  Kd6  35. Kd3
Kc6  36. Rb4  Ra7
37. Ke4  Re7+  38. Kf4
Re2  39. Kf3  Rc2
40. Ke3  h5  41. g4
hxg4  42. hxg4  g5
43. f4  f6  44. fxg5
fxg5  45. Ke4  Rf2
46. Ke5  Kc5  47. b3
b5  48. Rd4  Rf3
49. b4+  Kc6  50. Rd6+
Kc7  51. Rd5  Rxc3
52. Rxb5  Rf3  53. Ke6
Rf4  54. Rxg5  Rxb4
55. Rg7+  Kd8  56. Rg8+
Kc7  57. g5  Rf4
58. g6  Rf1  59. g7
Re1+  60. Kf5  Rf1+
61. Ke4  1-0

[Event "MCR senioru 2020 nad 50 let"]
[Site "Rychnov n. K."]
[Date "2020.08.08"]
[Round "1"]
[White "Stojanov, Dragan"]
[Black "Kucera, Jiri"]
[Result "1/2-1/2"]
[WhiteElo "1732"]
[BlackElo "2019"]
[EventDate "2020.08.08"]

1. e4 d6 2. f4 c5 3. Nf3 Nc6 4. d4 cxd4 5. Nxd4 Nf6 6. Nc3 g6 7. h3 Qa5 8. Nb3
Qb6 9. Qf3 Nb4 10. Bd3 Nxd3+ 11. cxd3 Be6 12. Qe3 Bxb3 13. axb3 Qxe3+ 14. Bxe3 a6
15. O-O Bg7 16. Bd4 O-O 17. Na4 Nd7 18. Bxg7 Kxg7 19. Rac1 Rac8 20. b4 Nb8 21.
Nc3 e6 22. b5 Rc7 23. bxa6 bxa6 24. Ne2 Rfc8 25. Rxc7 Rxc7 26. Rc1 Rxc1+ 27. Nxc1
Nc6 28. Kf2 Nd4 29. Ne2 Nb5 30. Ke3 Kf6 31. g4 h6 32. h4 1/2-1/2

[Event "MCR senioru 2020 nad 50 let"]
[Site "Rychnov n. K."]
[Date "2020.08.08"]
[Round "1"]
[White "Svarc, Roman"]
[Black "Dolezal, Rudolf"]
[Result "1-0"]
[WhiteElo "1981"]
[BlackElo "1616"]
[EventDate "2020.08.08"]

1. c4  c5  2. Nc3  e6
3. Nf3  Nf6  4. g3
b6  5. Bg2  Bb7
6. d4  cxd4  7. Qxd4  Nc6
8. Qf4  Qb8  9. Qxb8+
Rxb8  10. Bf4  d6
11. O-O  Be7  12. Rfd1
e5  13. Bg5  h6
14. Bxf6  Bxf6  15. Rxd6  Nd4
16. Nxd4  Bxg2  17. Ndb5
Ba8  18. Nxa7  O-O
19. Nd5  Bxd5  20. cxd5
e4  21. Rb1  Rb7
22. Nc6  Ra8  23. a3
b5  24. Kf1  Ra4
25. Ke1  Rc4  26. Na5
Rb8  27. Nxc4  bxc4
28. Rc6  c3  29. b4
Rd8  30. d6  Ra8
31. d7  Kh7  32. Rc8
Rxa3  33. d8=Q  c2
34. Qg8+  1-0

[Event "MCR senioru 2020 nad 50 let"]
[Site "Rychnov n. K."]
[Date "2020.08.08"]
[Round "1"]
[White "Kolibik, Jan"]
[Black "Kalousek, Vladimir"]
[Result "0-1"]
[WhiteElo "1612"]
[BlackElo "1963"]
[EventDate "2020.08.08"]

1. c4 Nf6 2. Nc3 g6 3. g3 d5 4. cxd5 Nxd5 5. Bg2 Nxc3 6. bxc3 Bg7 7. Nf3 O-O 8.
O-O e5 9. Bb2 Bg4 10. h3 Bxf3 11. Bxf3 c6 12. e4 Qd3 13. Qe2 Qxe2 14. Bxe2 Nd7
15. d3 Rfd8 16. Rab1 b6 17. d4 c5 18. d5 Nf6 19. Bf3 Ne8 20. Be2 Nd6 21. f3 f5
22. Bd3 fxe4 23. fxe4 Rf8 24. a4 Bh6 25. Rxf8+ Rxf8 26. Rf1 Be3+ 27. Kg2 Rxf1 28.
Kxf1 c4 29. Bc2 Bc5 30. Ke2 Kf7 31. Bc1 a6 32. Be3 Bxe3 33. Kxe3 Ke7 34. Kd2 Kd7
35. Kc1 Nb7 36. Kd2 Kd6 37. Kc1 Kc5 38. Kb2 Nd6 39. Kc1 b5 40. axb5 axb5 41. Kd2
b4 42. cxb4+ Kxb4 43. Kc1 Kc3 44. Kd1 Kb2 45. Kd2 c3+ 46. Kd3 Nb7 47. Bd1 Nc5+
48. Ke3 c2 49. Bxc2 Kxc2 50. d6 Kc3 51. Kf3 Kd4 52. Kf2 0-1

[Event "MCR senioru 2020 nad 50 let"]
[Site "Rychnov n. K."]
[Date "2020.08.08"]
[Round "1"]
[White "Richter, Martin"]
[Black "Vorel, Bohuslav"]
[Result "1-0"]
[WhiteElo "1952"]
[BlackElo "1564"]
[EventDate "2020.08.08"]

1. e4  c5  2. Nc3  d6
3. f4  Nc6  4. Bc4
Nf6  5. h3  a6
6. a4  g6  7. Nf3  Bg7
8. d3  O-O  9. O-O
b6  10. Qe1  Nd4
11. Nxd4  cxd4  12. Ne2
Nd7  13. Qf2  Bb7
14. Nxd4  Qc7  15. c3
Nc5  16. Qe2  Qd7
17. f5  d5  18. exd5
Bxd5  19. fxg6  Bxd4+
20. cxd4  hxg6  21. dxc5 1-0

[Event "MCR senioru 2020 nad 50 let"]
[Site "Rychnov n. K."]
[Date "2020.08.08"]
[Round "1"]
[White "Fakan, Petr"]
[Black "Kozak, Karel"]
[Result "0-1"]
[WhiteElo "1360"]
[BlackElo "1860"]
[EventDate "2020.08.08"]

1. e4  d6  2. Nf3  g6
3. d3  Bg7  4. Nc3
Nf6  5. Be3  O-O
6. h3  Re8  7. Be2
c5  8. O-O  Nc6
9. Nh2  Nd4  10. f4  e6
11. Nf3  Nh5  12. Ng5
Ng3  13. Rf2  Qb6
14. Nf3  Qxb2  15. Na4
Ndxe2+  0-1

[Event "MCR senioru 2020 nad 50 let"]
[Site "Rychnov n. K."]
[Date "2020.08.08"]
[Round "1"]
[White "Bracha, Pavel"]
[Black "Lorencova, Jitka"]
[Result "1-0"]
[WhiteElo "1843"]
[BlackElo "1331"]
[EventDate "2020.08.08"]

1. e4  e6  2. d4  d5
3. e5  c5  4. c3
Bd7  5. a3  Nc6
6. Nf3  Qb6  7. Be2  cxd4
8. cxd4  Rc8  9. Nc3
a6  10. O-O  Na5
11. Nd2  Qxd4  12. Qe1
Qxe5  13. Nf3  Qb8
14. Bg5  h6  15. Bh4
Bd6  16. Bd3  Ne7
17. Bxe7  Bxe7  18. Ne5
Bd6  19. f4  Bxe5
20. fxe5  Nc4  21. Bxc4
Rxc4  22. Qg3  O-O
23. Rae1  b5  24. Nd1
b4  25. Nf2  Rc2
26. Ng4  Kh8  27. Nxh6
gxh6  28. Rf6  Kh7
29. Qd3+  Kg7  30. Qxc2
Rh8  31. Qf2  Be8
32. Qg3+  Kf8  33. Qf4
Ke7  34. axb4  Qb6+
35. Kh1  d4  36. Rxf7+
Bxf7 37. Qf6+ Qd8 1-0

[Event "MCR senioru 2020 nad 60 let"]
[Site "Rychnov n. K."]
[Date "2020.08.08"]
[Round "1"]
[White "Mojzis, Jan"]
[Black "Lacha, Jan"]
[Result "1-0"]
[WhiteElo "2125"]
[BlackElo "1784"]
[EventDate "2020.08.08"]

1. e4  e6  2. d4  d5
3. Nd2  Nf6  4. e5
Nfd7  5. Bd3  c5
6. c3  Nc6  7. Ne2
cxd4  8. cxd4  Qb6
9. Nf3  Bb4+  10. Bd2
Bxd2+  11. Qxd2  Qb4
12. Rc1  Qxd2+  13. Nxd2
Nb6  14. a3  Bd7
15. b4  a6  16. Nb3
Na4  17. Nc5  Nb2
18. Rc2  Nxd3+  19. Nxd3
Ke7  20. Kd2  f6
21. f4  fxe5  22. dxe5
Rhc8  23. Rhc1  Nd8
24. Rc7  Rxc7  25. Rxc7
Rc8  26. Rxc8  Bxc8
27. Nd4  b6  28. Ke3
Bd7  29. g4  g6
30. Nf2  Nc6  31. g5  Nd8
32. Ng4  Nf7  33. Nh6
Kf8  34. Ne2  Bb5
35. Nxf7  Kxf7  36. Nc3
Ke7  37. Kd4  Kd7
38. Nd1  Be2  39. Nc3
Bb5  40. a4  Bc4
41. a5  bxa5  42. bxa5
Kc6  43. Na4  Bf1
44. Nc5  Bh3  45. Nxa6
Kb5  46. Nc7+  Kxa5
47. Kc5  Bf5  48. Ne8
Ka6  49. Nf6  Kb7
50. Nxh7  Kc7  51. Nf6
Kd8  52. h4  Ke7
53. h5  gxh5  54. Nxh5
Bg6  55. Ng3  Bd3
56. Kd4  Bg6  57. Ne2
Bf5  58. Kc5  Bg6
59. Nd4  Be4  60. Ne2
Bg6  61. Ng3  Kd7
62. f5  exf5  63. Kxd5
Bf7+  64. Kd4  Ke6
65. Ne2  f4  1-0

[Event "MCR senioru 2020 nad 60 let"]
[Site "Rychnov n. K."]
[Date "2020.08.08"]
[Round "1"]
[White "Tsapanidis, Vasilis"]
[Black "Mlynek, Petr"]
[Result "0-1"]
[WhiteElo "1749"]
[BlackElo "2100"]
[EventDate "2020.08.08"]

1. c4  c6  2. Nc3  d5
3. cxd5  cxd5  4. d4
Nf6  5. Nf3  Nc6
6. g3  Bf5  7. Bg2
h6  8. O-O  e6
9. a3  Bd6  10. Re1  O-O
11. e3  a6  12. h3
Rc8  13. Nd2  Bb8
14. Nb3  Ba7  15. Bd2
Qe7  16. Rc1  Rc7
17. e4  dxe4  18. Nxe4
Nxe4  19. Bxe4  Bxe4
20. Rxe4  Rd8  21. Bc3
Rcd7  22. Qe2  Nxd4
23. Nxd4  Bxd4  24. Bxd4
Rxd4  25. Rxd4  Rxd4
26. Rc8+  Rd8  27. Qc2
Qd7  28. Rc7  Qd5
29. h4  Qf3  30. Rc8
Rxc8  31. Qxc8+  Kh7
32. Qc2+  g6  33. Qd2
Qd5  34. Qc2  e5
35. Qe2  Kg7  36. Qc2
Qd4  37. Qb3  b5
38. Qc2  e4  39. Kg2
h5  40. Qc1  Qf6
41. Qd2  Qf3+  42. Kg1
Qd3  43. Qc1  a5
44. Qe1  Qd4  45. Qxa5
Qxb2  46. Qb6  Qe5
47. Qe3  Qd5  48. Qc3+
Kf8  49. Qc8+  Ke7
50. Qc7+  Kf6  51. Qc3+
Ke6  52. Qc8+  Kd6
53. Qf8+  Kc6  54. Qc8+
Kb6  55. Qb8+  Kc5
56. Qc7+  Kd4  57. Qb6+
Kc3  58. Qe3+  Kb2
59. Kg2  Qd3  60. Qc5
f5  61. Qb4+  Ka2
62. Kg1  Qb1+  63. Qc5 Qb3
64. Kg2  0-1

[Event "MCR senioru 2020 nad 60 let"]
[Site "Rychnov n. K."]
[Date "2020.08.08"]
[Round "1"]
[White "Malinovsky, Petr"]
[Black "Mares, Ilja"]
[Result "1-0"]
[WhiteElo "2081"]
[BlackElo "1744"]
[EventDate "2020.08.08"]

1. d4  Nf6  2. c4  g6
3. f3  Bg7  4. e4
d6  5. Nc3  O-O
6. Be3  Nc6  7. Nge2  e5
8. d5  Ne7  9. Qd2
Ne8  10. g4  f5
11. gxf5  gxf5  12. Bg5  Bf6
13. Bxf6  Nxf6  14. exf5
Bxf5  15. Ng3  Kh8
16. O-O-O  Ne8  17. Bd3
Qd7  18. Rdg1  Bxd3
19. Qxd3  Nf5  20. Nge4
Nd4  21. Rg3  Qf5
22. Rhg1  c6  23. Ng5
Ng7  24. Nce4  Rad8
25. Rh3  h5  26. Qd2
Qf4  27. Qxf4  Rxf4
28. Kd1  Rd7  29. Ne6
Rxf3  30. Rxf3  Nxf3
31. Rf1  Nxh2  32. Rf8+
Kh7  33. Nf6+  1-0

[Event "MCR senioru 2020 nad 60 let"]
[Site "Rychnov n. K."]
[Date "2020.08.08"]
[Round "1"]
[White "Rerabek, Jaroslav"]
[Black "Urban, Zdenek"]
[Result "1-0"]
[WhiteElo "1734"]
[BlackElo "2076"]
[EventDate "2020.08.08"]

1. d4  Nf6  2. Bf4  e6
3. Nd2  d5  4. e3
c5  5. c3  Nc6
6. Ngf3  Be7  7. Bd3  O-O
8. Qe2  Bd7  9. Ne5
Nxe5  10. Bxe5  Bc6
11. h3  Nd7  12. Nf3
Re8  13. h4  Nf8
14. Bf4  Bd6  15. Bxd6
Qxd6  16. Ne5  f6
17. Nxc6  bxc6  18. h5
cxd4  19. cxd4  e5
20. dxe5  Rxe5  21. Qd2
Rb8  22. b3  Rb4
23. Rc1  Rb6  24. Rh4
Re7  25. Kf1  Kh8
26. Qc2  Qe5  27. Bf5
Nd7  28. Bxh7  Qg5
29. Rh3  Qh6  30. Bg6
Kg8  31. f4  d4
32. Qc4+  Kf8  33. Qxd4  c5
34. Rxc5  Rb8  35. Rc7
Rd8  36. Qd6 1-0

[Event "MCR senioru 2020 nad 60 let"]
[Site "Rychnov n. K."]
[Date "2020.08.08"]
[Round "1"]
[White "Janda, Zdenek"]
[Black "Maceska, Bohumir"]
[Result "1-0"]
[WhiteElo "2068"]
[BlackElo "1715"]
[EventDate "2020.08.08"]

1. d4  d5  2. c4  e6
3. Nc3  Nf6  4. Bg5
Be7  5. e3  c6
6. Bd3  h6  7. Bh4  Nbd7
8. Nf3  b6  9. Rc1
Bb7  10. O-O  O-O
11. Re1  dxc4  12. Bxc4
Nd5  13. Bg3  Nxc3
14. bxc3  Nf6  15. Ne5
Qc8  16. Qb3  Nh5
17. Ng6  Re8  18. Nxe7+
Rxe7  19. Bd6  Re8
20. Qd1  Nf6  21. e4
Qd8  22. e5  Nd5
23. Bd3  Ne7  24. Qg4
Qd7  25. Re3  Nf5
26. Rh3  Kh8  27. Qf4
Nxd6  28. exd6  f5
29. Qe5  Kg8  30. Bc4
Qf7  31. d7  Re7
32. Re1  Kf8  33. Bxe6
Qf6  34. Qc7 Rxe6  35. Rxe6
Qxe6  36. d8=Q+  Rxd8
37. Qxd8+  Kf7  38. Re3
Qxa2  39. Qe8+  Kf6
40. Qe7+  Kg6  41. Rg3+
Kh5  42. h4  Qb1+
43. Kh2  Ba6  44. Rg5+
1-0

[Event "MCR senioru 2020 nad 60 let"]
[Site "Rychnov n. K."]
[Date "2020.08.08"]
[Round "1"]
[White "Pospisil, Evzen"]
[Black "Sysala, Stanislav"]
[Result "1/2-1/2"]
[WhiteElo "2049"]
[BlackElo "1678"]
[EventDate "2020.08.08"]

1. d4  e6  2. Nf3  d5
3. c4  Nf6  4. g3
c6  5. Nbd2  Be7
6. Bg2  O-O  7. O-O
Nbd7  8. Qc2  b6
9. e4  Bb7  10. e5
Ne8  11. b3  Rc8
12. Bb2  c5  13. Qb1
f5  14. exf6  Bxf6
15. Re1  dxc4  16. Nxc4
Bd5  17. Ncd2  Nc7
18. Ne4  Nb5  19. Nxf6+
Qxf6  20. dxc5  e5
21. Qd3  Bxf3  22. Bxf3
Qxf3  23. Qxb5  Qxf2+
24. Kh1  1/2-1/2

[Event "MCR senioru 2020 nad 60 let"]
[Site "Rychnov n. K."]
[Date "2020.08.08"]
[Round "1"]
[White "Zoufaly, Petr"]
[Black "Horak, Vladimir"]
[Result "1-0"]
[WhiteElo "1653"]
[BlackElo "1989"]
[EventDate "2020.08.08"]

1. d4  Nf6  2. Nf3  e6
3. e3  d5  4. c4
c6  5. Be2  Nbd7
6. Nc3  Be7  7. Bd2
O-O  8. O-O  dxc4
9. Bxc4  b5  10. Be2
Bb7  11. a3  a5
12. Qc2  h6  13. h3  Bd6
14. e4  e5  15. Be3
b4  16. axb4  axb4
17. Na4  exd4  18. Bxd4
c5  19. e5  Be4
20. Qd1  cxd4  21. exd6  Nb6
22. b3  Qxd6  23. Qxd4
Qxd4  24. Nxd4  Nxa4
25. Rxa4  Rxa4  26. bxa4
Rd8  27. Rd1  Kf8
28. Ne6+  fxe6  29. Rxd8+
Ke7  30. Rb8  Bc6
31. a5  Nd7  32. Rxb4
Kd6  33. a6  Kc5
34. Rg4  g5  35. h4
Nf6  36. Rc4+  Kb6
37. hxg5  hxg5  38. Rc3
Bd5  39. Bc4  Be4
40. Rg3  g4  41. Bxe6
Kxa6  42. Bxg4  Kb6
43. Rc3  1-0

[Event "MCR senioru 2020 nad 60 let"]
[Site "Rychnov n. K."]
[Date "2020.08.08"]
[Round "1"]
[White "Novotny, Josef"]
[Black "Zitek, Jiri"]
[Result "1-0"]
[WhiteElo "1968"]
[BlackElo "1629"]
[EventDate "2020.08.08"]

1. e3  Nf6  2. d3  d5
3. Ne2  e6  4. Nd2
Be7  5. b3  c5
6. Bb2  O-O  7. h3  Nc6
8. g3  Qc7  9. Bg2
b6  10. Nf4  Bb7
11. g4  d4  12. O-O
h6  13. Ne4  g5
14. Nxf6+  Bxf6  15. Nh5  Be5
16. f4  gxf4  17. exf4
Bh8  18. g5  hxg5
19. Qg4  Qe7  20. fxg5
Ne5  21. Qg3  Ng6
22. Nf6+  Kg7  23. Bxb7
Qxb7  24. h4  Rfc8
25. h5  Ne7  26. Ne4
Nf5  27. Rxf5  exf5
28. Qe5+  Kh7  29. Qxf5+
Kg8  30. Rf1  Rf8
31. h6  Qc8  32. Qf4
f5  33. Qd6  Qe8
34. h7+  Kf7  35. Rxf5+
1-0

[Event "MCR senioru 2020 nad 70 let"]
[Site "Rychnov n. K."]
[Date "2020.08.08"]
[Round "1"]
[White "Bainhofner, Jiri"]
[Black "Sejkora, Vlastimil"]
[Result "0-1"]
[WhiteElo "1769"]
[BlackElo "2185"]
[EventDate "2020.08.08"]

1. e4  c5  2. Nc3  Nc6
3. f4  e6  4. Bc4
d6  5. Nf3  Nf6
6. d3  Be7  7. a3  O-O
8. O-O  a6  9. Bd2
b5  10. Ba2  Rb8
11. Ne2  d5  12. e5
Nd7  13. c3  Nb6
14. b4  a5  15. bxa5
Nd7  16. Qe1  c4
17. dxc4  bxc4  18. Ned4
Nxa5  19. Ng5  h6
20. Ngxe6  fxe6  21. Nxe6
Qb6+  22. Nd4  Nc5
23. Be3  Qg6  24. Bb1
Nd3  25. Qg3  Qxg3
26. hxg3  Bg4  27. a4
Bc5  28. Bc2  Rb2
29. Bd1  Bxd1  30. Raxd1
Nb3  31. Rb1  Bxd4
32. Bxd4  Nxd4  33. Rxb2
Nxb2  34. cxd4 Nxa4 35. f5  c3
36. e6  c2  37. Rc1
Rc8  38. Kf1  Kf8
39. g4  Ke7  40. Ke1
Rc4  41. Ke2  Nc3+
42. Kd2  Nb5  43. Rxc2
Rxc2+  44. Kxc2  Nxd4+
45. Kd3  Nxe6  46. fxe6
Kxe6  47. Kd4  g5
48. Ke3  Ke5  49. g3
d4+  50. Kd3  Kd5
51. Kd2  Ke5 0-1

[Event "MCR senioru 2020 nad 70 let"]
[Site "Rychnov n. K."]
[Date "2020.08.08"]
[Round "1"]
[White "Volf, Jaroslav"]
[Black "Kulhavy, Frantisek"]
[Result "1-0"]
[WhiteElo "1966"]
[BlackElo "1759"]
[EventDate "2020.08.08"]

1. e4 c5 2. c3 d5 3. exd5 Qxd5 4. d4 Nc6 5. Nf3 Bg4 6. Be2 e6 7. Be3 cxd4 8. cxd4
Nf6 9. Nc3 Bb4 10. O-O Bxc3 11. bxc3 O-O 12. h3 Bh5 13. c4 Qd6 14. Rb1 b6 15. c5
bxc5 16. dxc5 Qxd1 17. Rfxd1 Nd5 18. Rbc1 Rab8 19. g4 Bg6 20. Nd4 Nxd4 21. Bxd4
Nf4 22. Bf1 Rbc8 23. c6 Be4 24. c7 Nd5 25. Be5 Nb4 26. Bd6 Nxa2 27. Bxf8 Nxc1 28.
Rd8 1-0

[Event "MCR senioru 2020 nad 70 let"]
[Site "Rychnov n. K."]
[Date "2020.08.08"]
[Round "1"]
[White "Macoun, Jiri"]
[Black "Just, Pavel"]
[Result "1/2-1/2"]
[WhiteElo "1718"]
[BlackElo "1958"]
[EventDate "2020.08.08"]

1. e4 e5 2. Bc4 Nf6 3. d3 c6 4. Bg5 Be7 5. Nc3 O-O 6. f4 exf4 7. Bxf4 d5 8. exd5
cxd5 9. Bb3 Bb4 10. Bd2 Bg4 11. Nf3 Bxc3 12. Bxc3 Re8+ 13. Kf1 d4 14. Bxd4 Bxf3
15. Qxf3 Qxd4 16. c3 Qe3 17. Rd1 Qxf3+ 18. gxf3 Nc6 19. Kf2 Rad8 20. d4 Re7 21.
Rhe1 Rxe1 22. Rxe1 Kf8 23. Ba4 Ne7 24. Re5 Rd5 25. Re2 g6 26. Ke3 b5 27. Bb3 Rd6
28. a4 Ned5+ 29. Kd2 a6 30. Re5 Nc7 31. Rc5 Nfe8 32. Ke3 f6 33. f4 Kg7 34. h4
bxa4 35. Bxa4 f5 36. h5 gxh5 37. Rxf5 Nf6 38. Rg5+ Kf7 39. Bd1 h4 40. Bb3+ Ncd5+
41. Kf3 Kf8 42. Rf5 Ne7 43. Ra5 Rb6 44. Bc4 Rxb2 45. Rxa6 Ned5 46. Ra8+ Kg7 47.
Ra7+ Kh6 48. Ra6 Nb6 49. Bd3 h3 50. Ra1 Rb3 51. Rh1 Rxc3 52. Rxh3+ Kg7 53. Ke2
Nbd5 54. Kd2 Ra3 55. f5 Nf4 56. Rf3 Ra2+ 57. Ke1 Nxd3+ 58. Rxd3 h5 59. d5 Kf7 60.
d6 Ra7 61. Kf2 Ra8 62. Kg3 Rg8+ 63. Kh4 Rg4+ 64. Kh3 Nd7 65. Re3 Nf6 66. Re7+ Kf8
67. Re6 Nd7 68. Rh6 Rd4 1/2-1/2

[Event "MCR senioru 2020 nad 70 let"]
[Site "Rychnov n. K."]
[Date "2020.08.08"]
[Round "1"]
[White "Trojan, Lubos"]
[Black "Vlachopulos, Elefteris"]
[Result "1-0"]
[WhiteElo "1953"]
[BlackElo "1695"]
[EventDate "2020.08.08"]

1. d4  d5  2. Nf3  Nf6
3. Bf4  e6  4. e3
Be7  5. Bd3  O-O
6. O-O  Nbd7  7. Nbd2
c5  8. c3  Re8
9. h3  a6  10. g4  Nf8
11. Ne5  Ng6  12. Bg3
Nxe5  13. dxe5  Nd7
14. Qc2  Nf8  15. Rad1
c4  16. Be2  Qb6
17. Nf3  a5  18. Nd4
a4  19. a3  g6
20. f4  Bc5  21. Bf2  Bxd4
22. Rxd4  Nd7  23. e4
Qb3  24. Qxb3  cxb3
25. exd5  f6  26. dxe6
Nf8  27. f5  fxe5
28. Rd6  Kg7  29. Bb5
Re7  30. Bh4  Rc7
31. f6+  Kg8  32. f7+ 1-0

[Event "MCR senioru 2020 nad 70 let"]
[Site "Rychnov n. K."]
[Date "2020.08.08"]
[Round "1"]
[White "Cermak, Tomas"]
[Black "Papan, Cyril"]
[Result "1-0"]
[WhiteElo "1690"]
[BlackElo "1933"]
[EventDate "2020.08.08"]

1. f4  e5  2. fxe5  d6
3. exd6  Bxd6  4. Nf3
Nc6  5. d3  Bg4
6. e3  Ne5  7. Be2  h5
8. O-O  Nf6  9. Nxe5
Bxe5  10. d4  Bd6
11. Nd2  Qe7  12. Nf3
O-O-O  13. Qe1  Ne4
14. Bd3  f6  15. c4
c5  16. Nh4  Rhe8
17. Nf5  Qc7  18. Nxd6+
Qxd6  19. d5  Qe5
20. Rf4  Nd6  21. Qf1
Bd7  22. Rb1  Rh8
23. b4  cxb4  24. Rxb4
b6  25. Bd2  Nb7
26. Bf5  Nc5  27. Bxd7+
Rxd7  28. a4  Rb7
29. Qb1  Kc7  30. Qg6
Kd8  31. Qb1  h4
32. a5  bxa5  33. Rxb7
Nxb7  34. Qxb7  1-0

[Event "MCR senioru 2020 nad 70 let"]
[Site "Rychnov n. K."]
[Date "2020.08.08"]
[Round "1"]
[White "Dolezal, Radoslav"]
[Black "Koudelka, Milos"]
[Result "1/2-1/2"]
[WhiteElo "1929"]
[BlackElo "1689"]
[EventDate "2020.08.08"]

1. e4  d6  2. d4  c6
3. Nf3  Nf6  4. Bd3
g6  5. O-O  Bg7
6. c4  O-O  7. Nc3  Bg4
8. h3  Bxf3  9. Qxf3
Nbd7  10. Qe2  e5
11. Be3  Re8  12. Rad1
Qc7  13. f4  exd4
14. Bxd4  Nc5  15. Bxc5
dxc5  16. e5  Rad8
17. Qf2  Nd7  18. Ne4
b6  19. Qh4  Nf8
20. Nd6  Rxd6  21. exd6
Qxd6  22. Bc2  Qf6
23. Qxf6  Bxf6  24. Rfe1
Rxe1+  25. Rxe1  Bxb2
26. Re8  Kg7  27. f5
Nd7  28. fxg6  hxg6 29. Re7 Ne5
30. Bb3  b5  31. cxb5
cxb5  32. Rxa7  Bd4+
33. Kf1  c4  34. Rb7
cxb3  35. Rxb5 Bc3 1/2-1/2

[Event "MCR senioru 2020 nad 70 let"]
[Site "Rychnov n. K."]
[Date "2020.08.08"]
[Round "1"]
[White "Palla, Stanislav"]
[Black "Kohout, Jan"]
[Result "1/2-1/2"]
[WhiteElo "1674"]
[BlackElo "1928"]
[EventDate "2020.08.08"]

1. e4  c5  2. c3 d5  3. exd5
Qxd5  4. Nf3  Bf5
5. d4  Bxb1  6. Rxb1
Qe4+  7. Be3  e6
8. Bd3  Qc6  9. dxc5
Bxc5  10. Bxc5  Qxc5
11. O-O  1/2-1/2

[Event "MCR senioru 2020 nad 80 let"]
[Site "Rychnov n. K."]
[Date "2020.08.08"]
[Round "1"]
[White "Vochozka, Jindrich"]
[Black "Most, Zdenek"]
[Result "1/2-1/2"]
[WhiteElo "1747"]
[BlackElo "1978"]
[EventDate "2020.08.08"]

1. d4  Nf6  2. c4  g6
3. Nc3  Bg7  4. g3
d5  5. cxd5  Nxd5
6. Bg2  Nxc3  7. bxc3
c5  8. e3  O-O
9. Ne2  Nc6  10. O-O  Qa5
11. Qc2  Rd8  12. Rd1
Bd7  13. a4  Rac8
14. Qb3  cxd4  15. cxd4
b6  16. Bd2  Qf5
17. Rac1  Na5  18. Qb4
Bf8  19. e4  Qf6
20. e5  Qe6  21. Nf4
Qb3  22. Nd5  Qxb4
23. Bxb4  Bxa4  24. Rxc8
Rxc8  25. Ra1  Bb3
26. Nxe7+  Bxe7 27. Bxe7 Rc7
28. Bg5  Rd7  29. Be3  Kg7
30. f4  Nc4  31. Kf2
a5  32. Bc6  Ra7
33. d5  Nxe3 34. Kxe3 a4  35. d6
Kf8  36. Kd4  a3
37. Kc3  Be6  38. Kb4
a2  39. Bb5  Bf5
40. Bc4  Bb1 41. Kb5 Rb7  42.
Ka6  Rb8  43. Ka7  Rc8
44. Bb5  Rc2  45. Kxb6
Rxh2 46. Kc7 Rc2+  47. Bc6  Rd2
48. g4  h5  49. gxh5
gxh5  50. Bd7  h4
51. e6  fxe6  52. Bxe6
Rc2+  53. Kd8  Rf2 54. f5 h3
55. Bd5  h2  56. Kc7
Rc2+  57. Kd7  Rc1
58. Be4  Bxe4  59. Rxc1
Bxf5+  60. Kc7  Kg7
61. d7  Bxd7  62. Kxd7
Kf6  63. Kd6  Kf5
64. Kd5  Kf4  65. Kc4
Kg3  66. Kb3  Kg2 67. Kxa2
1/2-1/2

[Event "MCR senioru 2020 nad 80 let"]
[Site "Rychnov n. K."]
[Date "2020.08.08"]
[Round "1"]
[White "Jacek, Miloslav"]
[Black "Pokora, Lubomir"]
[Result "1-0"]
[WhiteElo "1938"]
[BlackElo "1732"]
[EventDate "2020.08.08"]

1. e4  d6  2. d4  Nf6
3. Nc3  Nbd7  4. Nf3
e5  5. Bc4  Be7
6. O-O  O-O  7. Bb3  c6
8. a4  a5  9. Re1
Qc7  10. h3  h6
11. Nh4  Ne8  12. Ng6  Bf6
13. Nxf8  Kxf8  14. Qh5
Nb6  15. dxe5  Bxe5
16. Be3  Be6  17. Bxe6
fxe6  18. f4  Bxc3
19. bxc3  Nc4  20. Qe2
b5  21. e5  d5
22. Bc5+  Kg8  23. Qg4  Qf7
24. Rf1  Nd2  25. Rfe1
Ne4  26. Bb6  bxa4
27. Rxa4  Nxc3  28. Ra3
Nb5  29. Rf3  Qe7
30. Bf2  Nec7  31. f5
exf5  32. Qxf5  Ne6
33. Qg6  a4  34. Be3
a3  35. Bxh6  a2
36. Ra1  Nbd4  37. Rf2
Nb5  38. Bc1  Ned4
39. e6  Nxe6  40. Re2
Nbc7  41. Bb2  Qb4 42. Be5 Qb1+
43. Re1 1-0